| 000 | 00870nas a2200253 4500 | ||
|---|---|---|---|
| 001 | BR7803472 | ||
| 003 | BR-BrBNA | ||
| 005 | 20231205083442.0 | ||
| 007 | ta | ||
| 008 | 230509b bl.|||p| |||| 00| 00por d | ||
| 040 |
_aBR-BrBNA _bpor _cBiblioteca Nacional de Agricultura |
||
| 041 | _a(Pt) | ||
| 072 | _aH10 | ||
| 100 | 1 | _aFoerster, L.A. (Universidade Federal do Parana, Curitiba (Brazil). Depto. de Zoologia) | |
| 245 | 1 | _aControle quimico da broca das axilas Epinotia aporema (Walsingham, 1914)em soja no Parana [Glycine max; Brasil] | |
| 650 | _aPraga de planta | ||
| 650 | _aSoja | ||
| 650 | _aBroca das axilas | ||
| 650 | _aControle quimico | ||
| 650 | _aInseticida | ||
| 773 | 0 |
_tAnais da Sociedade Entomologica do Brasil (Brazil) _xISSN 0301-8059 _g(1978), v. 7(2) p. 3-6 _wBR7803472 |
|
| 909 |
_a202311 _bLúcia _c55 _dLúcia Elande |
||
| 942 |
_2AGRIS _n0 _cANA |
||
| 999 |
_c98850 _d98850 |
||